Γεωγραφία Ευρώπης : Ε' δημοτικού
Αποθηκεύτηκε σε:
| Κύριος συγγραφέας: | |
|---|---|
| Άλλοι συγγραφείς: | |
| Μορφή: | Βιβλίο |
| Γλώσσα: | Greek |
| Δημοσίευση: |
Αθήνα :
Ο.Ε.Δ.Β.,
1987
|
| Θέματα: | |
| Ετικέτες: |
Προσθήκη ετικέτας
Δεν υπάρχουν, Καταχωρήστε ετικέτα πρώτοι!
|
MARC
| LEADER | 00000nam a2200000 i 4500 | ||
|---|---|---|---|
| 001 | 1/75592 | ||
| 008 | 960517s1987 gre d | ||
| 035 | |a 1989 |b 2 |c Δωρεά |l 10032165 | ||
| 040 | |a GR-MY-UA |b gre |e aacr | ||
| 041 | 0 | |a gre | |
| 082 | 0 | |a 372.891094 | |
| 100 | 1 | |a Κωστόπουλος, Αριστοτέλης Χρ. | |
| 245 | 1 | 0 | |a Γεωγραφία Ευρώπης : |b Ε' δημοτικού / |c Αριστοτέλη Χρ. Κωστόπουλου, Βικτ. Κωτουλοπούλου - Κωστοπούλου |
| 260 | |a Αθήνα : |b Ο.Ε.Δ.Β., |c 1987 | ||
| 300 | |a 175 σ. | ||
| 650 | 0 | 0 | |a Geography |x Study and teaching (Elementary) |z Europe. |
| 700 | 1 | |a Κωτουλοπούλου-Κωστοπούλου, Βικτωρία. | |
| 852 | |a INST |b RHODES |e 19960517 |h 372.891094 ΚΩΣ |p 005400001308 |q 005400001308 |t BK |y 620 | ||
| 852 | |a INST |b RHODES |e 19960517 |h 372.891094 ΚΩΣ |p 005400001309 |q 005400001309 |t BK |y 0 | ||
| 852 | |a INST |b RHODES |e 19960517 |h 372.891094 ΚΩΣ |p 005400001310 |q 005400001310 |t BK |y 620 | ||
| 852 | |a INST |b RHODES |e 19960517 |h 372.891094 ΚΩΣ |p 005400001401 |q 005400001401 |t BK |y 620 | ||
| 852 | |a INST |b RHODES |e 19960517 |h 372.891094 ΚΩΣ |p 005400001402 |q 005400001402 |t BK |y 620 | ||
| 852 | |a INST |b RHODES |e 19960517 |h 372.891094 ΚΩΣ |p 005400001403 |q 005400001403 |t BK |y 620 | ||
| 852 | |a INST |b RHODES |e 19960517 |h 372.891094 ΚΩΣ |p 005400001404 |q 005400001404 |t BK |y 620 | ||
| 852 | |a INST |b RHODES |e 19960517 |h 372.891094 ΚΩΣ |p 005400001405 |q 005400001405 |t BK |y 620 | ||
| 852 | |a INST |b RHODES |e 19960517 |h 372.891094 ΚΩΣ |p 005400001406 |q 005400001406 |t BK |y 620 | ||
| 909 | |a Ρ |b 014184 |c 1989 | ||
| 909 | |a Ρ |b 014185 |c 1989 | ||
| 909 | |a Ρ |b 014186 |c 1989 | ||
| 909 | |a Ρ |b 014187 |c 1989 | ||
| 909 | |a Ρ |b 014188 |c 1989 | ||
| 909 | |a Ρ |b 014189 |c 1989 | ||
| 909 | |a Ρ |b 014190 |c 1989 | ||
| 909 | |a Ρ |b 014191 |c 1989 | ||
| 909 | |a Ρ |b 014192 |c 1989 | ||